'M' Entertainment Images Quiz Stats

Quiz Updated Apr 20, 2018

Challenge
Share
Tweet
Score 0/25 Timer 04:00
5 Plays Today
% Correct
Monopoly
97.7%
Mickey Mouse
96.4%
Mulan
94.9%
Mr. and Mrs. Smith
88.7%
Mary Poppins
88.3%
Mario Kart
87.3%
Mr. Bean's Holiday
87.2%
Mouse Trap
83.8%
Malcolm in the Middle
82.6%
Mad Hatter
79.6%
Modern Family
78.4%
Ms. Pac-Man
77.7%
Mamma Mia!
75.6%
% Correct
Maleficent
73.1%
Monk
71.5%
M*A*S*H
71.4%
Mad Men
67.8%
Madden NFL 2005
63.7%
Mr. Popper's Penguins
61.3%
Maid Marian
55.7%
Mr. Deeds
49.9%
The Music Man
40.6%
Moulin Rouge!
39.9%
Mr. Magorium's Wonder Emporium
28%
Meet Me in St. Louis
25%

You're not logged in!

Compare scores with friends on all Sporcle quizzes.
Join for Free
OR
Log In

You Might Also Like...

Show Comments

Extras

Top Quizzes Today


Score Distribution

Your Account Isn't Verified!

In order to create a playlist on Sporcle, you need to verify the email address you used during registration. Go to your Sporcle Settings to finish the process.

Report this User

Report this user for behavior that violates our Community Guidelines.

Details: